| 000 | 01524cam a22002771ia4500 | ||
|---|---|---|---|
| 003 | SA-RiAUC | ||
| 005 | 20250212071132.0 | ||
| 008 | 250212s1992 le g 000 0cara c | ||
| 040 |
_aJO-MaAABU _bara _cSA-RiAUC _erda |
||
| 082 | 0 | 4 |
_a922.583 _qSA-RiAUC |
| 090 |
_a922.583 _bا ب ن ص |
||
| 100 | 1 |
_aابن الصلاح، عثمان بن عبد الرحمن بن عثمان، _d577-643 هجري _eمؤلف. |
|
| 245 | 1 | 0 |
_aطبقات الفقهاء الشافعية / _cتقي الدين أبو عمر عثمان بن عبد الرحمن الشهرزوري المعروف بابن الصلاح ؛ هذبه ورتيه واستدرك عليه محيي الدين عبد الرحمن المزي ؛ تحقيق محيي الدين علي نجيب. |
| 250 | _aالطبعة الأولى. | ||
| 264 | 1 |
_aبيروت : _bدار البشائر الإسلامية، _c1992 |
|
| 300 |
_a2 مجلد ؛ _c24 سم |
||
| 336 |
_aنص _btxt _2rdacontent _3كتاب |
||
| 337 |
_aبدون وسيط _bn _2rdamedia |
||
| 338 |
_aمجلد _bnc _2rdacarrier |
||
| 650 | 7 |
_aالفقهاء الشافعية _vتراجم _2aucsh |
|
| 700 | 1 | 2 |
_iتحقيق لـ : _aابن الصلاح، عثمان بن عبد الرحمن بن عثمان، _d577-643 هجري. _tطبقات الفقهاء الشافعية. |
| 700 | 1 |
_aالحافظ المزي، يوسف بن عبد الرحمن بن يوسف، _d654-742 هجري _eمهذب. |
|
| 700 | 1 |
_aنجيب، محيي الدين _eمحقق. |
|
| 942 |
_2ddc _cBOOK |
||
| 949 |
_aSA-JeALM _d250212 _ukhaled123 _n1 |
||
| 999 |
_c5853 _d5853 |
||